Responses for Show #4175 - Friday, October 25, 2002

Contestants

[<< previous game]

Phillip Steele, a security officer from Los Angeles, California

Kim Crawford, a freelance writer and editor from Atlanta, Georgia

Sarah Legins, an art librarian from Brooklyn, New York (whose 1-day cash winnings total $15,200)

[next game >>]

Jeopardy! Round responses

NOT SO RECENT SCIENCE
HOPE YOU'RE NOT CLAUSTROPHOBIC
BETTER KNOWN AS...
OCCUPATIONS
BIBLICAL CITIES
"BI" WORDS
(Alex: ...each correct response will begin with those two letters.)
    $200 22
metric system

Phillip
    $200 17
(inside) the trunk

Kim
    $200 10
John Wayne

Kim
    $200 7
(Phillip: What is to open?)

wine

SarahPhillip
    $200 6
Jericho

Sarah
    $200 1
bionic

Phillip
    $400 23
(Sarah: What is a telescope?)

photographs

Sarah
Triple Stumper
    $400 18
cabin fever

Sarah
    $400 11
Fred Astaire

Phillip
    $400 8
(Sarah: Uh, what is an airline steward?)
(Alex: Steward, [*], [**]--any of the above. Go again.)
...
(Alex: [Before the Daily Double at clue 24] A little while ago, I accepted "What is steward?" on that clue in OCCUPATIONS. I accepted that erroneously because I figured it's a synonym for [**] or [*], but it turns out that there were stewards on planes in Europe in the 1920s, so this lady, uh, from Iowa was not the first steward.)

stewardess (flight attendant)

Sarah
Triple Stumper
    $400 27
Bethlehem

Kim
    $400 2
bicuspid

Phillip
    $1,000 24
(Alex: And we have less than a minute to go.)

Mars

Phillip
    $600 19
a rack

Phillip
    $600 14
Rock Hudson

Phillip
    $600 9
cows

Kim
    $600 28
Sodom

Kim
    $600 3
bicarbonate

Sarah
    $800 25
(Kim: What is sulphur?)

phosphorus

Kim
Triple Stumper
    $800 20
a railroad tunnel (subject to flooding)

Triple Stumper
    $800 15
Shirley MacLaine

Phillip
    $800 12
(Sarah: What are the lungs?)

the heart & lungs

SarahPhillip
    $800 29
Babel

Kim
    $800 4
a bicycle

Sarah
    $1000 26
lightbulb filament

Phillip
    $1000 21
elevator

Sarah
    $1000 16
Kirk Douglas

Kim
    $1000 13
(Phillip: What is Tyson?)

Perdue

KimPhillip
    $1000 30
Damascus

Sarah
    $1000 5
(Phillip: What is [**]?)
(Alex: No. [Looks towards the judges] All right, we're gonna give it to him for the adjective instead of [*].)

bimillennium (or a bimillennial)

Phillip

Scores at the first commercial break (after clue 13):

Sarah Kim Phillip
$600 $1,800 $1,600

Scores at the end of the Jeopardy! Round:

Sarah Kim Phillip
$2,600 $4,000 $5,800

Double Jeopardy! Round responses

DOWN UNDER
CROSSWORD CLUES "F"
20th CENTURY AUTHORS
MAD
DOGS
ENGLISHMEN
    $400 6
kangaroos

Sarah
    $400 1
(Kim: Which I never did to my students, ever.)
(Alex: Good for you. ... If they deserved it you should have [*]ed them!)

flunk

Kim
    $400 11
Dick Francis

Triple Stumper
    $400 26
(Sarah: What are photographs?)

advertisements (ads)

SarahPhillip
    $400 16
Lassie

Sarah
    $400 21
(Kim: What is policeman?)

a painter (artist)

SarahKim
    $800 7
Antarctica

Sarah
    $800 2
flurry

Sarah
    $800 12
Erica Jong

Kim
    $800 27
Fox

Kim
    $800 17
Oliver Twist

Triple Stumper
    $800 22
pope

Sarah
    $1200 8
(Phillip: What is the sound barrier?)

the four-minute mile

KimPhillip
    $1200 3
Fleming

Kim
    $1200 13
(Edith) Wharton

Kim
    $1200 28
(Alex: I think it says $2.99--[*].)

cheap

Triple Stumper
    $1200 18
Tibet

Phillip
    $1200 23
(Alex: He had a career after that mutiny on the Bounty.)

Captain Bligh

Phillip
    $1600 9
ballot

Sarah
    $1600 4
(Phillip: What are favas?)
(Kim: What are fava beans?)

frijoles

KimPhillip
Triple Stumper
    $1600 14
(Phillip: Who is Ira Levin?)

Robin Cook

Phillip
Triple Stumper
    $1,000 29
"Helloooooooo Neuman!"

Kim
    $1600 19
Khrushchev

Kim
    $1,500 24
(Phillip: Who is... [shakes head] Shelley?)
...
(Alex: Less than a minute to go now.)

Lamb

Phillip
    $2000 10
Brisbane

Triple Stumper
    $2000 5
(Sarah: What is Fauve?)

Fauvism

SarahPhillip
    $2000 15
(Kim: Who is McDonald?)

Lawrence Sanders

Kim
Triple Stumper
    $2000 30
(Sarah: Who is Alfred E. Neuman?)

William M. Gaines

Sarah
Triple Stumper
    $2000 20
(Kim: What is White Fang?)
...
(Alex: Kim, you had a choice, of course, between that and [*], and it was [*].)
[Alex did not include the leading article when giving the correct response.]

The Call of the Wild

Kim
Triple Stumper
    $2000 25
Mountbatten

Kim

Scores at the end of the Double Jeopardy! Round:

Sarah Kim Phillip
$3,400 $8,200 $4,700

[wagering suggestions for these scores]

Final Jeopardy! Round responses

NATURAL WONDERS
(Alex: It would help a great deal, of course, if you knew who John Wesley Powell was and where he conducted his exploratory work.)
SarahWhat is Bryce Canyon?
$3,400
PhillipWhat is the Grand Canyon
$4,698
KimWhat is Mt. McKinley?
$1,201
the Grand Canyon

Final scores:

Sarah Kim Phillip
$0 $6,999 $9,398
3rd place: $1,000 2nd place: $2,000 New champion: $9,398

Game dynamics:

Coryat scores:

Sarah Kim Phillip
$3,400 $8,800 $5,800
14 R,
6 W
17 R
(including 1 DD),
5 W
15 R
(including 1 DD),
6 W
(including 1 DD)

Combined Coryat: $18,000

[game clues] [game scores] [suggest correction]

Game tape date: 2002-07-23
The J! Archive is created by fans, for fans. Scraping, republication, monetization, and malicious use prohibited; this site may use cookies and collect identifying information. See terms. The Jeopardy! game show and all elements thereof, including but not limited to copyright and trademark thereto, are the property of Jeopardy Productions, Inc. and are protected under law. This website is not affiliated with, sponsored by, or operated by Jeopardy Productions, Inc. Join the discussion at JBoard.tv.